000 00606nam a2200241Ia 4500
005 20250425161134.0
008 250425s9999 xx 000 0 und d
041 _aspa
082 _a333
100 _aPARK, CHARLES F
245 0 _aFUENTES DE RECURSOS DE NUESTRO PLANETA
250 _a1A ED.
260 _aArgentina
_bMARYMAR
_c1975
260 _aBUENOS AIRES
300 _a374
500 _aTítulo Traducido: EARTH RESOURCES
650 _aFERTILIZANTES
650 _aMINERALES
650 _aPOLIMEROS SINTETICOS
700 _aLANDES, DANIEL
_etraductor
942 _c01
010 _a13532
999 _c203178
_d203178